Busiest routes by US airport - Statistics

General Stats
  • This quiz has been taken 100 times
    84 since last reset
  • The average score is 36 of 42
Answer Stats
airport destination % Correct
Austin Bergstrom Los Angeles
97%
Dallas-Fort Worth Los Angeles
97%
Harry Reid Los Angeles
97%
John F. Kennedy Los Angeles
97%
O'Hare Los Angeles
97%
San Francisco Los Angeles
97%
Los Angeles John F. Kennedy
96%
Miami John F. Kennedy
96%
Daniel K. Inouye Los Angeles
96%
William P. Hobby Dallas Love
93%
Dallas Love William P. Hobby
91%
Ronald Reagan Logan
90%
Sacramento San Diego
90%
Baltimore-Washington Hartsfield-Jackson
88%
Detroit Metro Hartsfield-Jackson
88%
Ft. Lauderdale-Hollywood Hartsfield-Jackson
88%
Louis Armstrong Hartsfield-Jackson
88%
Nashville Hartsfield-Jackson
88%
Orlando Hartsfield-Jackson
88%
Tampa Hartsfield-Jackson
88%
Portland Seattle-Tacoma
88%
Ted Stevens Anchorage Seattle-Tacoma
88%
Denver Harry Reid
85%
John Wayne Harry Reid
85%
San Diego Harry Reid
85%
George Bush Denver
84%
Midway Denver
84%
Minneapolis-St. Paul Denver
84%
Phoenix Sky Harbor Denver
84%
Salt Lake City Denver
84%
St. Louis Lambert Denver
84%
Washington Dulles Denver
84%
Charlotte Douglas Orlando
84%
Hartsfield-Jackson Orlando
84%
Luis Muñoz Marín Orlando
84%
Newark Liberty Orlando
84%
Philadelphia Orlando
84%
Logan Ronald Reagan
73%
LaGuardia O'Hare
69%
Seattle-Tacoma Ted Stevens Anchorage
57%
San Antonio Dallas-Fort Worth
51%
Kahului Daniel K. Inouye
34%
No matching quizzes found
Score Distribution
Percent of People with Each Score
Percentile by Number Answered
Your Score History
You have not taken this quiz since the last reset